00446nam a22001457a 450000500170000001000120001702000260002903700120005508200100006710000200007724500840009726000360018127000630021730000200028020260301144048.0 aBACEN26 a9788196737597c699.00 bSunnvik a230.1 aSampath, Vikram aWaiting For Shiva: bUnearthings The Truth Of Kashis Gyan Vapi/cVikram Sampath aDelhibBluone Ink Pvt Ltdc2024 aA-76, 2nd Floor, Sector 136 Noida bUttar Pradesh e201301 a368p.c24cm(hb)